Microeconomics (Record no. 463)

MARC details
000 -LEADER
fixed length control field 00496 a2200193 4500
001 - CONTROL NUMBER
control field 066406
003 - CONTROL NUMBER IDENTIFIER
control field OSt
005 - DATE AND TIME OF LATEST TRANSACTION
control field 20210928112307.0
008 - FIXED-LENGTH DATA ELEMENTS--GENERAL INFORMATION
fixed length control field
082 ## - DEWEY DECIMAL CLASSIFICATION NUMBER
Classification number 338.5
Item number P65M
100 1# - MAIN ENTRY--PERSONAL NAME
Personal name Pindyck, Robert S.
245 1# - TITLE STATEMENT
Title Microeconomics
Statement of responsibility, etc by Robert S. Pindyck and P.L. Mehta
250 ## - EDITION STATEMENT
Edition statement 6th ed.
260 ## - PUBLICATION, DISTRIBUTION, ETC. (IMPRINT)
Place of publication, distribution, etc New Delhi
Name of publisher, distributor, etc Pearson
Date of publication, distribution, etc 2008
300 ## - PHYSICAL DESCRIPTION
Extent 604p.
690 ## - LOCAL SUBJECT ADDED ENTRY--TOPICAL TERM (OCLC, RLIN)
Topical term or geographic name as entry element Microeconomics; Macroeconomics; Economics
700 ## - ADDED ENTRY--PERSONAL NAME
Personal name Mehta, P.L.
942 ## - ADDED ENTRY ELEMENTS (KOHA)
Source of classification or shelving scheme Dewey Decimal Classification
Koha item type Books
Holdings
Withdrawn status Lost status Damaged status Not for loan Home library Current library Date acquired Cost, normal purchase price Total Checkouts Full call number Barcode Date last seen Price effective from Koha item type
        Central University Of Rajasthan Central University Of Rajasthan 07/03/2012 399.00   338.5 P65M 692 21/11/2024 02/09/2020 Books